[Event "Barcelona Barri Gotic op 3rd"]
[Site "Barcelona"]
[Date "2014.06.02"]
[Round "8"]
[White "Vigo Allepuz, David"]
[Black "De Figueiredo Coutinho, Filho"]
[Result "1-0"]
[WhiteElo "2216"]
[BlackElo "1817"]
[PlyCount "99"]
[EventDate "2014.04.07"]
[EventType "swiss"]
[EventRounds "8"]
[EventCountry "ESP"]
[SourceTitle "CBM 160 Extra"]
[Source "ChessBase"]
[SourceDate "2014.07.01"]
[SourceVersion "1"]
[SourceVersionDate "2014.07.01"]
[SourceQuality "1"]

1. d4 Nf6 2. c4 e6 3. Nf3 c5 4. d5 exd5 5. cxd5 d6 6. Nc3 Be7 7. h3 b5 8. Nxb5 Qa5+ 9. Nc3 Ne4 10. Bd2 Nxd2 11. Nxd2 Ba6 12. g4 0-0 13. Bg2 Nd7 14. 0-0 Rab8 15. Qc2 Bf6 16. Nde4 Be5 17. f4 Bd4+ 18. Kh1 Nf6 19. Rab1 Qd8 20. g5 Nh5 21. f5 Qd7 22. Bf3 g6 23. Bxh5 gxh5 24. e3 Be5 25. Rf3 Kh8 26. Rg1 Rb4 27. Nf6 Qb7 28. b3 c4 29. Nce4 cxb3 30. axb3 Rxb3 31. Qg2 Rb2 32. Rf2 Rxf2 33. Qxf2 Bd3 34. Qh4 Qb2 35. Nf2 Be2 36. Qe4 Rc8 37. Nd7 Rc4 38. Qg2 Rc2 39. Nxe5 Qxe5 40. g6 hxg6 41. fxg6 fxg6 42. Rb1 Qxe3 43. Kg1 Bf3 44. Qg3 Re2 45. Rf1 Bxd5 46. Qxg6 Qf3 47. Qh6+ Kg8 48. Qg6+ Kf8 49. Nd3 Re1 50. Nxe1 1-0

[Event "Sant Boi op 36th"]
[Site "Sant Boi de Llobregat"]
[Date "2014.05.30"]
[Round "7"]
[White "De Figueiredo Coutinho, Filho"]
[Black "Prats Rodriguez, Juan Bosco"]
[Result "0-1"]
[WhiteElo "1817"]
[BlackElo "2208"]
[PlyCount "70"]
[EventDate "2014.04.04"]
[EventType "swiss"]
[EventRounds "9"]
[EventCountry "ESP"]
[SourceTitle "CBM 160 Extra"]
[Source "ChessBase"]
[SourceDate "2014.07.01"]
[SourceVersion "1"]
[SourceVersionDate "2014.07.01"]
[SourceQuality "1"]

1. d4 d6 2. c4 g6 3. Nc3 Bg7 4. e4 Nf6 5. f3 Nbd7 6. Be3 c6 7. Qd2 a6 8. Rd1 Qc7 9. g4 h6 10. Nge2 b5 11. Ng3 Bb7 12. Rc1 b4 13. Na4 c5 14. d5 0-0-0 15. a3 a5 16. axb4 axb4 17. Kf2 h5 18. g5 h4 19. Ne2 Nh5 20. Bh3 Kb8 21. Bxd7 Rxd7 22. Nf4 Nxf4 23. Bxf4 Bd4+ 24. Be3 Bxe3+ 25. Kxe3 e6 26. Ra1 exd5 27. cxd5 Re7 28. Ra2 Re5 29. f4 Re7 30. Kf3 Rhe8 31. Re1 Qd7 32. f5 gxf5 33. e5 Rxe5 34. Nb6 Qd8 35. Rxe5 Rxe5 0-1

[Event "Sant Boi op 36th"]
[Site "Sant Boi de Llobregat"]
[Date "2014.05.16"]
[Round "5"]
[White "Sanchez Lopez, Juan Manuel"]
[Black "De Figueiredo Coutinho, Filho"]
[Result "0-1"]
[WhiteElo "2290"]
[BlackElo "1817"]
[PlyCount "86"]
[EventDate "2014.04.04"]
[EventType "swiss"]
[EventRounds "9"]
[EventCountry "ESP"]
[SourceTitle "CBM 160 Extra"]
[Source "ChessBase"]
[SourceDate "2014.07.01"]
[SourceVersion "1"]
[SourceVersionDate "2014.07.01"]
[SourceQuality "1"]

1. c4 e5 2. g3 Nc6 3. Bg2 Bc5 4. Nc3 d6 5. d3 a6 6. e3 Nge7 7. Nge2 Ba7 8. 0-0 0-0 9. Rb1 Rb8 10. b4 b5 11. a3 Be6 12. Nd5 Qd7 13. Nec3 Bg4 14. Qc2 Bf5 15. Nxe7+ Nxe7 16. e4 Be6 17. Nd5 c6 18. Nxe7+ Qxe7 19. Kh1 Rbc8 20. a4 f5 21. exf5 Bxf5 22. Be3 Bxe3 23. fxe3 Qg5 24. Rfe1 h5 25. e4 Be6 26. Ra1 bxa4 27. Rxa4 h4 28. gxh4 Qxh4 29. Raa1 Rf2 30. Re2 Rcf8 31. Kg1 R2f6 32. Rf1 Rh6 33. Rxf8+ Kxf8 34. Bf1 Bg4 35. Rf2+ Kg8 36. c5 Rg6 37. Rg2 Qe1 38. Qd2 Qb1 39. Qa2+ Qxa2 40. Rxa2 Bh3+ 41. Bg2 Rxg2+ 42. Rxg2 Bxg2 43. Kxg2 dxc5 0-1